Regions of Italy - Flags - Statistics

General Stats
  • This quiz has been taken 29 times
  • The average score is 14 of 20
Answer Stats
Picture Answer % Correct
Calabria
100%
Emilia-Romagna
94%
Lazio
94%
Molise
94%
Puglia
94%
Sicilia
94%
Sardegna
89%
Lombardia
83%
Toscana
72%
Veneto
72%
Marche
67%
Basilicata
61%
Friuli-Venezia Giulia
61%
Piemonte
61%
Campania
56%
Liguria
56%
Abruzzo
44%
Trentino-Alto Adige
44%
Umbria
44%
Valle d'Aosta
39%
No matching quizzes found
Score Distribution
Percent of People with Each Score
Percentile by Number Answered
Your Score History
You have not taken this quiz